• 首页
  • 本馆介绍
  • 公告通知
  • 最新文献
  • 馆藏检索
  • 电子资源
  • 读者导购
  • 参考咨询
  • 我的图书馆
  • 登录
  • 详细信息显示
  • 放入我的书架
  • 预约/预借图书
  • 作者相关作品
  • 分类相关作品
  • 丛书相关作品
  • 出版社相关作品

书目信息

  • 表格格式
  • 工作单格式
  • 卡片格式
题名:
商周青铜器雕塑
    
 
作者: 张耀 编著
分册:  
出版信息: 北京   中央编译出版社  2020
页数: 204页
开本: 24cm
丛书名: 中国当代研学丛书
单 册:
中图分类: K876.414 , K876.41
科图分类:
主题词: 青铜器(考古)--研究--中国--商周时代
电子资源:
ISBN: 978-7-5117-3783-0
000 00996nam0 2200265 450
001 2331207523
005 20231211084018.48
010    @a978-7-5117-3783-0@b精装@dCNY78.00
100    @a20200810d2020 em y0chiy50 ea
101 0  @achi
102    @aCN@b110000
105    @aa z 000yy
200 1  @a商周青铜器雕塑@Ashang zhou qing tong qi diao su@f张耀编著
210    @a北京@c中央编译出版社@d2020
215    @a204页@c图@d24cm
225 1  @a中国当代研学丛书@i文化
330    @a本书内容包括商周历史概况、关于商周青铜器、商周青铜器勃兴的时代背景、商周青铜器与雕塑艺术、商周青铜器雕塑艺术的成熟与发展、商周青铜器雕塑与中国古代雕塑艺术史等。对商周青铜器的发展和历史源渊进行了考证,并就青铜器雕塑艺术的成就和价值进行了研究。
410  0 @12001 @a中国当代研学丛书
462  0 @12001@a文化
606 0  @a青铜器(考古)@x研究@y中国@z商周时代
690    @aK876.414@v5
690    @aK876.41@v4
701  0 @a张耀@Azhang yao@f(1966-)@4编著
801  0 @aCN@b91MARC@c20200819
905    @aZUCC@dK876.41@e8
    
    商周青铜器雕塑/张耀编著.-北京:中央编译出版社,2020
    204页:图;24cm.-(中国当代研学丛书.文化)
    
    
    ISBN 978-7-5117-3783-0(精装):CNY78.00
    本书内容包括商周历史概况、关于商周青铜器、商周青铜器勃兴的时代背景、商周青铜器与雕塑艺术、商周青铜器雕塑艺术的成熟与发展、商周青铜器雕塑与中国古代雕塑艺术史等。对商周青铜器的发展和历史源渊进行了考证,并就青铜器雕塑艺术的成就和价值进行了研究。
●
相关链接 在五车中查询图书 在当当中查询图书 在豆瓣中查询图书


正题名:商周青铜器雕塑     索取号:K876.41/8         预约/预借

序号 登录号 条形码 馆藏地/架位号 状态 备注
1 2001272911   2001272911   辽宁北方(第一批)/辽宁北方(第一批)/437/ [索取号:K876.41/8] 在馆    
2 2001272912   2001272912   辽宁北方(第一批)/辽宁北方(第一批)/437/ [索取号:K876.41/8] 在馆    
3 2001272913   2001272913   辽宁北方(第一批)/辽宁北方(第一批)/437/ [索取号:K876.41/8] 在馆    
4 2001272914   2001272914   辽宁北方(第一批)/辽宁北方(第一批)/437/ [索取号:K876.41/8] 在馆    
5 2001272915   2001272915   辽宁北方(第一批)/辽宁北方(第一批)/437/ [索取号:K876.41/8] 在馆    
6 2001272916   2001272916   辽宁北方(第一批)/辽宁北方(第一批)/437/ [索取号:K876.41/8] 在馆    
山东省滨州职业学院图书馆 欢迎您!
大连网信软件有限公司© 版权所有